ABBA - Paroles I Have a Dream - Statistiques

Statistiques générales
  • Ce quiz a été pris 11 fois
  • Le résultat moyen est 169 sur 198
Statistiques - réponses
Hint Réponse % Correct
a
100%
A
100%
angels
100%
believe
100%
can
100%
believe
100%
Couplet 2 | Couplet 3 | Refrain I
100%
dream
100%
fairy
100%
have
100%
Couplet 1 | Refrain I
100%
If
100%
if
100%
in
100%
me
100%
Of
100%
see
100%
sing
100%
song
100%
the
100%
to
100%
To
100%
wonder
100%
you
100%
You
100%
everything
89%
future
89%
it
89%
my
89%
take
89%
tale
89%
through
89%
anything
78%
Even
78%
fail
78%
is
78%
Makes
78%
When
78%
for
67%
help
67%
Reality
67%
right
67%
time
67%
And
56%
cross
56%
darkness
56%
destination
56%
good
56%
know
56%
Something
56%
With
56%
fantasy
44%
I'll
44%
Pushing
44%
another
33%
cope
33%
mile
33%
Still
33%
stream
33%
while
33%
worth
33%
Aucun quiz correspondant
Distribution des résultats
% des personnes avec chaque résultat
Percentile par nombre de réponses
Votre historique - résultats
Vous n’avez pas pris ce quiz